| 000 | 00405nam a22001337a 4500 | ||
|---|---|---|---|
| 040 | _cNUST | ||
| 082 | _a200 THE | ||
| 100 |
_aMUHAMMAD HAIDER _9108269 |
||
| 110 |
_a DR SYED WAHEED UL HAQ _9108270 |
||
| 245 | _aTH-SOF-0878-MULTI-DOMAIN MODELING OF PAN TILT PLATFORM WITH MECHANICAL IMPERFECTIONS | ||
| 260 |
_aISLAMABAD: _bNUST COLLEGE OF EME, _c2022. |
||
| 650 |
_aMS-MECH-60 _991329 |
||
| 942 |
_2ddc _cTHE |
||
| 999 |
_c593080 _d593080 |
||